Akú úverovú politiku? Spätná väzba

Bibliographic Details
Main Author: Majling, Ján, 1942- (Author)
Format: Article
Language:Slovak
Subjects:

MARC

LEADER 00000nab a2200000 a 4500
001 vtls000165729
003 SK-MaSNL
005 20260302203215.0
008 111104c1983 xo 0 slo
015 |a SNBRB19rr/mm-uuuuu 
035 |a CL0175840 
040 |a SNKBUCL  |b slo  |c SNKBUCL  |e AACR2 
041 0 |a slo 
044 |a xo  |c SK 
080 |a 336.743  |2 1981 
080 |a 336.77  |2 1981 
100 1 |a Majling, Ján,  |d 1942-  |4 aut  |9 40011 
245 1 0 |a Akú úverovú politiku?  |b Spätná väzba  |c Ján Majling 
650 0 7 |a menová politika  |2 snkbucl  |9 2307 
650 0 7 |a úver  |2 snkbucl  |9 398567 
655 7 |a články z novín a časopisov  |2 snkbucl  |9 267496 
773 0 |t Nové slovo  |g Roč. 25, č. 47 (1983), s. 7 
850 |a Slovenská národná knižnica v Martine  |a MTA001 
852 |a SNK  |b KIS3GCP 
958 |a RK 
992 |a RBX 
999 |c 1468310  |d 1470240